Vấn đề phát triển các khu kinh tế mở hiện đại vùng ven biển Việt Nam : Sách chuyên khảo
Nội dung sách trình bày về đề tài nghiên cứu khoa học xây dựng các chính sách nhằm phát triển kinh tế mở tại Việt Nam đến năm 2020, kinh nghiệm quốc tế về phát triển các vùng kinh tế, đặc biệt phát triển kinh tế ven biển trong điều kiệ...
שמור ב:
| מחבר ראשי: | |
|---|---|
| פורמט: | ספר |
| שפה: | Vietnamese |
| יצא לאור: |
H.
Đại học Kinh tế quốc dân
2010
|
| נושאים: | |
| תגים: |
הוספת תג
אין תגיות, היה/י הראשונ/ה לתייג את הרשומה!
|
| Thư viện lưu trữ: | Thư viện Trường Đại học Nam Cần Thơ |
|---|
| LEADER | 01390nam a22002057a 4500 | ||
|---|---|---|---|
| 001 | NCT_4_015548 | ||
| 008 | 190315b xxu||||| |||| 00| 0 vie d | ||
| 999 | |c 8739 |d 8739 | ||
| 020 | |a 9786049093586 |c 30000 | ||
| 082 | 0 | 4 | |2 23rd ed. |a 338.9597 |b Th103 |
| 100 | 1 | |a Nguyễn Quang Thái |e Chủ biên | |
| 245 | 0 | 0 | |a Vấn đề phát triển các khu kinh tế mở hiện đại vùng ven biển Việt Nam : |b Sách chuyên khảo |c Nguyễn Quang Thái (Chủ biên) |
| 260 | |a H. |b Đại học Kinh tế quốc dân |c 2010 | ||
| 300 | |a viii, 222 tr. |b Minh hoạ |c 21cm | ||
| 500 | |a ĐTTS ghi: Liên Hiệp Các Hội Khoa Học Và Kỹ Thuật Việt Nam | ||
| 520 | 3 | |a Nội dung sách trình bày về đề tài nghiên cứu khoa học xây dựng các chính sách nhằm phát triển kinh tế mở tại Việt Nam đến năm 2020, kinh nghiệm quốc tế về phát triển các vùng kinh tế, đặc biệt phát triển kinh tế ven biển trong điều kiện hội nhập toàn diện. | |
| 653 | |a Quản trị kinh doanh | ||
| 942 | |2 ddc |c BK | ||
| 952 | |0 0 |1 0 |2 ddc |4 0 |6 338_959700000000000_TH103 |7 0 |9 30009 |a 000001 |b 000001 |d 2024-12-27 |o 338.9597 Th103 |p MD.23153 |r 2024-12-27 |v 30000.00 |w 2024-12-27 |y BK | ||
| 980 | |a Thư viện Trường Đại học Nam Cần Thơ | ||


